000 002180000a22000970004500
100 1 _aHockstader, Lee
245 1 0 _aHow did we deserve this?
300 _aNúm 57 (1998), Páginas 1-8
773 0 _tTogether
942 _cANA
999 _c57131
_d57131